00417nam a2200157Ia 4500008004100000041000800041082002100049100003500070245002900105250000800134260004600142300000800188542001500196551002000211650002800231220531s9999 xx 000 0 und d aeng a658.3bHAR / HAR aHarris, O. J. / Hartman, S. J. aOrganizational Behaviour a1ST aAhamedabadbJaico Publication Housec2006 a478 d16-01-2015 aCommercebUgc-C aOrganisational Behavior